Campeões da UEFA Youth League - Statistics

Estatísticas Gerais
  • Esse quiz foi jogado 60 vezes
    9 desde o último reset
  • A pontuação média é 9 de 11
Estatísticas das Respostas
Temporada País Equipe % Correto
2013-14 Espanha Barcelona
100%
2017-18 Espanha Barcelona
100%
2024-25 Espanha Barcelona
100%
2021-22 Portugal Benfica
89%
2014-15 Inglaterra Chelsea
89%
2015-16 Inglaterra Chelsea
89%
2018-19 Portugal Porto
89%
2019-20 Espanha Real Madrid
89%
2023-24 Grécia Olympiacos
44%
2016-17 Áustria Red Bull Salzburg
44%
2022-23 Países Baixos Alkmaar Zaanstreek
33%
Nenhum quiz correspondente encontrado
Distribuição das Pontuações
Porcentagem de Pessoas com Cada Pontuação
Percentil de Números Respondidos
Sua Pontuação Histórica
Você não jogou esse quiz desde o último reset